MARC

LEADER 00000nam0a2200000 4500
001 300257
005 20231102001301.0
035 |a (RuTPU)RU\TPU\book\325410 
035 |a RU\TPU\book\325408 
090 |a 300257 
100 |a 20150708d1982 k y0rusy50 ca 
101 0 |a rus 
102 |a EE 
105 |a a z 001zy 
200 1 |a Методы и средства обработки сигналов при наличии шумов  |e сборник статей  |f Таллинский политехнический институт (ТПИ) 
210 |a Таллин  |c Изд-во ТалПИ  |d 1982 
215 |a 99 с.  |c ил. 
225 1 |a Труды Таллинского политехнического института. Радиотехника X  |v № 540  |x 0136-3549  |x 0320-3360 
320 |a Библиогр. в конце ст. 
606 1 |a Радиосвязь  |2 stltpush  |3 (RuTPU)RU\TPU\subj\68248  |9 83682 
606 1 |a Радиосигналы  |x Прием при наличии помех  |2 stltpush  |3 (RuTPU)RU\TPU\subj\23096  |9 47750 
610 1 |a обработка 
610 1 |a методы 
610 1 |a средства 
610 1 |a шумы 
610 1 |a гидроакустические сигналы 
610 1 |a полосовые сигналы 
610 1 |a дискретизация 
610 1 |a дискретное усреднение 
610 1 |a вольтамперометрия 
610 1 |a электронные схемы 
675 |a 621.396  |v 3 
675 |a 621.391.82  |v 3 
712 0 2 |a Таллинский политехнический институт (ТПИ)  |c (1941-1989)  |2 stltpush  |3 (RuTPU)RU\TPU\col\12417 
801 1 |a RU  |b 63413507  |c 20110901 
801 2 |a RU  |b 63413507  |c 20231010  |g RCR 
942 |c BK